|
|
|
|
| LEADER |
00000nam2a2200000 4500 |
| 001 |
328795 |
| 005 |
20231102004110.0 |
| 035 |
|
|
|a (RuTPU)RU\TPU\book\354495
|
| 035 |
|
|
|a RU\TPU\book\354494
|
| 090 |
|
|
|a 328795
|
| 100 |
|
|
|a 20170222d1979 k y0rusy5003 ca
|
| 101 |
0 |
|
|a rus
|
| 102 |
|
|
|a UA
|
| 105 |
|
|
|a a z 001zy
|
| 200 |
0 |
|
|a Вып. 27
|f под ред. В. Е. Михайленко
|
| 210 |
|
|
|d 1979
|
| 215 |
|
|
|a 105 с.
|c ил.
|
| 320 |
|
|
|a Библиография в конце статей
|
| 461 |
|
1 |
|0 (RuTPU)RU\TPU\book\163655
|t Прикладная геометрия и инженерная графика
|o республиканский межведомственный научно-технической сборник
|f Киевский инженерно-строительный институт
|v Вып. 27
|d 1964-1991
|
| 606 |
1 |
|
|a Геометрия прикладная
|2 stltpush
|3 (RuTPU)RU\TPU\subj\51669
|9 70242
|
| 606 |
1 |
|
|a Инженерная графика
|2 stltpush
|3 (RuTPU)RU\TPU\subj\39243
|9 59411
|
| 610 |
1 |
|
|a поверхности
|
| 610 |
1 |
|
|a теория
|
| 610 |
1 |
|
|a образование
|
| 610 |
1 |
|
|a изображение
|
| 610 |
1 |
|
|a применение
|
| 610 |
1 |
|
|a проекции
|
| 610 |
1 |
|
|a построение
|
| 610 |
1 |
|
|a машинное моделирование
|
| 610 |
1 |
|
|a геометрическое моделирование
|
| 610 |
1 |
|
|a графоаналитические методы
|
| 610 |
1 |
|
|a параболические сплайны
|
| 610 |
1 |
|
|a плоские поля
|
| 610 |
1 |
|
|a стержневые системы
|
| 610 |
1 |
|
|a геометрические параметры
|
| 610 |
1 |
|
|a групповые функции
|
| 610 |
1 |
|
|a минимизация
|
| 610 |
1 |
|
|a стереоскопические изображения
|
| 610 |
1 |
|
|a стержневые конструкции
|
| 610 |
1 |
|
|a циклические поверхности
|
| 610 |
1 |
|
|a развертка
|
| 610 |
1 |
|
|a криволинейные формы
|
| 610 |
1 |
|
|a оптимальное проектирование
|
| 610 |
1 |
|
|a сетчатые каркасы
|
| 610 |
1 |
|
|a гомологичные кривые
|
| 675 |
|
|
|a 514.18
|z rus
|v 3
|
| 675 |
|
|
|a 76:621
|z rus
|v 3
|
| 702 |
|
1 |
|a Михайленко
|b В. Е.
|4 340
|
| 801 |
|
0 |
|a RU
|b 63413507
|c 19950417
|g psbo
|
| 801 |
|
1 |
|a RU
|b 63413507
|c 20140404
|
| 801 |
|
2 |
|a RU
|b 63413507
|c 20170301
|g RCR
|
| 942 |
|
|
|c BK
|